Suffragettes and Suffragists - Statistics

General Stats
  • This quiz has been taken 63 times
  • The average score is 4 of 15
Answer Stats
Country Hint Suffragette/Suffragist % Correct
UK Founded the WSPU suffragette movement Emmeline Pankhurst
91%
UK Daughter of #1 and editor of "The Suffragette" Christabel Pankhurst
55%
UK Stepped in front of King George V's horse Emily Davison
48%
UK Daughter of #1, communist and pacifist Sylvia Pankhurst
34%
UK Leader of the NUWSS suffragist movement Millicent Fawcett
32%
USA Leader of the NWSA and later the NAWSA Susan B. Anthony
32%
USA Long time leader of the NWP Alice Paul
18%
UK MP who issued a failed bill for women's suffrage John Stuart Mill
18%
USA NAWSA leader who campaigned for the 19th Amendment Carrie Chapman Catt
14%
UK Founder of the newspaper "Votes for Women" Emmeline Pethick-Lawrence
11%
USA First female presidential candidate Victoria Woodhull
11%
UK First female member of parliament, Sinn Féin Constance Markievicz
9%
UK Self-defence teacher of the WSPU Edith Margaret Garrud
9%
UK Damaged the "Rokeby Venus" with an axe Mary Richardson
7%
USA African-American co-founder of the AWSA Frances Harper
5%
No matching quizzes found
Score Distribution
Percent of People with Each Score
Percentile by Number Answered
Your Score History
You have not taken this quiz